000 02755nam0a2200397 4500
001 RU\NLR\BIBL_A\022452976
005 20250423143439.0
010 _a978-5-00249-101-8
_9500
021 _aRU
_bКН-П-24-082225
_9КН-П-24-8196
035 _a(NLR Aleph) 022452976
090 _a13359019
_c13359019
100 _a20250211d2024 k y0rusy50 ca
101 0 _arus
102 _aRU
105 _aa z 000yy
181 0 _ai3
_baxxe
182 0 _an
200 1 _aУправление инновационным развитием предприятий в условиях экономических трансформаций
_eмонография
_fАлексеева Н. И., Бакунов А. А., Баранцева С. М. [и др.]
_gпод общ. ред. Л. И. Донец, Е. С. Кравченко
_gМинистерство науки и высшего образования Российской Федерации, Донецкий национальный университет экономики и торговли имени Михаила Туган-Барановского, Кафедра экономики предприятия и управления персоналом
203 _aТекст
_bвизуальный
_cнепосредственный
210 _aУфа
_cАэтерна
_d2024
215 _a197 с.
_cил., табл.
_d21
300 _aНа 194-197-й с. авт.: Алексеева Н. И., д-р экон. наук, проф., Бакунов А. А., канд. экон. наук, проф., Баранцева С. М., канд. экон. наук, доц. [и др.]
300 _aАвт. указаны на обороте тит. с.
320 _aБиблиогр.: с. 164-193
606 1 _aТорговые предприятия
_xИнновационная деятельность
_yРоссийская Федерация
_2nlr_sh2
_3RU\NLR\AUTH\6601586791
686 1 _aУ42(2)121.1-55(2Р)
700 1 _aАлексеева
_bН. И.
_cд-р экон. наук
_gНаталья Ивановна
_3RU\NLR\AUTH\770197515
701 1 _aБакунов
_bА. А.
_gАлександр Алексеевич
701 1 _aБаранцева
_bС. М.
_gСветлана Михайловна
702 1 _aДонец
_bЛ. И.
_gЛюбовь Ивановна
_4340
712 0 2 _aДонецкий национальный университет экономики и торговли им. М. Туган-Барановского
_bКафедра экономики предприятия и управления персоналом
_3RU\NLR\AUTH\880623572
_4570
942 _cBOOK
980 _aNB